000 00801nas a2200277 4500
001 BR0101012
003 BR-BrBNA
005 20231205102127.0
007 ta
008 230509b bl.|||p| |||| 00| 00por d
040 _aBR-BrBNA
_bpor
_cBiblioteca Nacional de Agricultura
041 _a(Pt)
072 _aF01
100 1 _aTrevisan, R.
100 1 _aFaria, J.L.C.
100 1 _aFachinelo, J.C.
100 1 _aSilva, J.G.C. da
245 1 _aRaleio quimico em pessegueiro (Prunus persica L. Batsch)cv. BR-2
650 _aPessego
650 _aRaleio
650 _aOleo Mineral
650 _aAcido Naftaleno-Acetico
773 0 _tRevista Cientifica Rural (Brazil)
_xISSN 1413-8263
_g(2000), v. 5(1) p. 49-55
_wBR0101012
909 _a202311
_bLúcia
_c55
_dLúcia Elande
942 _2AGRIS
_n0
_cANA
999 _c165886
_d165886